Ochranné atmosféry používané v PM = Protecting atmospheres used in PM : Bakalárska práca
Enregistré dans:
| Auteur principal: | |
|---|---|
| Autres auteurs: | |
| Format: | Manuscrit Livre |
| Langue: | slovaque |
| Publié: |
Trnava :
STU v Bratislave MTF UVTE KZl,
2008
|
| Sujets: | |
| Tags: |
Pas de tags, Soyez le premier à ajouter un tag!
|
MARC
| LEADER | 00000ntm a22000003a 4500 | ||
|---|---|---|---|
| 001 | stu171103 | ||
| 005 | 20160719160013.8 | ||
| 008 | 081002s2008----xo------------------slo-d | ||
| 040 | |a STU |b slo | ||
| 041 | 0 | |a slo | |
| 044 | |a xo | ||
| 100 | 1 | |a Koštial, Radoslav, |d 1984- |4 aut |X 33921 |7 A000033921 | |
| 245 | 1 | |a Ochranné atmosféry používané v PM = Protecting atmospheres used in PM : |b Bakalárska práca | |
| 260 | |a Trnava : |b STU v Bratislave MTF UVTE KZl, |c 2008 | ||
| 300 | |a 79 s |c príl (1 CD-ROM) | ||
| 500 | |a Odbor: technológie strojárskej výroby | ||
| 500 | |a Zameranie: priemyselné a umelecké zlievarenstvo | ||
| 650 | 7 | |a spekanie |2 stusub | |
| 700 | 1 | |a Šuba, Roland, |d 1974- |4 xxx |u M3000 |U MTF Materiálovotechnologická fakulta |T MTF Ústav výrobných technológií |X 4305 |U M3000 |Y 83 |7 A000004305 | |
| 996 | |b 284M068649 |c M*BP-3388 |l MMSKP |s P |a 0 |w stu171103_0001 | ||